000 00839nam a22002417a 4500
005 20170124110049.0
010 _aB-224929
020 _c250.00
_a9788125918745
035 _aB-224929
037 _bCen Lib/Ret
040 _aDPL
_bEN
082 _a658.812
_bSEY
100 _aSeybold, Patricia B.
_978715
245 _aCapitalising on customers :
_cby Patricia B. Seybold, Mitchell I. Kramer [and] Muhamed Muneer
_ban executive's guide to CRM /
260 _aNew Delhi
_bVikas Publishing House
_c2005
270 _a576, masjid road, jangpura
_bNew delhi
_e110014
300 _ax,183p. :
_b21cm(pbk)
650 _aCustomer relationship management
_925144
650 _aBusiness policies
_925145
700 _aKramer, Mitchell I.
_925146
700 _aMuhamed Muneer
_978716
942 _2ddc
_cEN
_h658.812
_kSEY
999 _c129025
_d129025